000 00344nam a22001457a 4500
008 250513b |||||||| |||| 00| 0 eng d
020 _a9781529176643
050 _aPS3619.H586
_b.G74
100 _aShipstead Maggie
245 _aGreat Circle
260 _aElcograt
_bPenguin
_c2021
300 _a672p.
650 _aNovel
_vPassion
942 _cBK
999 _c3431
_d3431